No Largest Cities - Sudden Death - Statistics

General Stats
  • This quiz has been taken 42 times
  • The average score is 11 of 23
Answers on the Grid
Answers color-coded by a green-red scale on the quiz's grid according to % correct below.
Tokyo
Delhi
Shanghai
Dhaka
Cairo
São Paulo
Mexico City
Beijing
Mumbai
Osaka
Chongqing
Karachi
Kinshasa
Lagos
Istanbul
Kolkata
Buenos Aires
Manila
Guangzhou
Lahore
Tianjin
Bangalore
Rio de Janeiro
Shenzhen
Moscow
Chennai
Bogota
Jakarta
Lima
Bangkok
Paris
Hyderabad
Nanjing
Luanda
Seoul
Chengdu
London
Ho Chi Minh City
Tehran
Nagoya
Xi'an
Ahmedabad
Kuala Lumpur
Wuhan
Suzhou
Hangzhou
Surat
Dar es Salaam
Baghdad
Shenyang
 
Answer Stats
Answer % Correct
Wuhan
67%
Hyderabad
60%
Chennai
57%
Chongqing
57%
Hangzhou
57%
Suzhou
57%
Osaka
53%
Shenzhen
53%
Xi'an
53%
Nagoya
50%
Nanjing
50%
Tianjin
50%
Bangalore
47%
Chengdu
47%
Rio de Janeiro
47%
Ahmedabad
43%
Beijing
43%
Kolkata
40%
Lahore
40%
Surat
40%
Shenyang
33%
Mumbai
30%
Guangzhou
23%
No matching quizzes found
Score Distribution
Percent of People with Each Score
Percentile by Number Answered
Your Score History
You have not taken this quiz